Ján Cikker: Zo života hmyzu

Bibliographic Details
Main Author: Vajda, Igor, 1935-2001 (Author)
Format: Article
Language:Slovak
Subjects:

MARC

LEADER 00000nab a2200000 a 4500
001 vtls000275821
003 SK-MaSNL
005 20260426034420.0
008 250422c1987 xo 0 slo
015 |a SNBRB19rr/mm-uuuuu 
035 |a CL0285935 
035 |a urn:nbn:sk:snk-ab2afs 
035 |a (urnnbn)urn:nbn:sk:snk:ar-a020w6 
035 |a (uuid)96476a29-2cae-4303-8acf-ffd6978dec85 
040 |a SNKBUCL  |b slo  |c SNKBUCL  |e AACR2 
041 0 |a slo 
044 |a xo  |c SK 
080 |a 782.1  |2 1981 
080 |a 792.5  |2 1981 
100 |a Vajda, Igor,  |d 1935-2001  |4 aut  |9 461792 
245 1 0 |a Ján Cikker: Zo života hmyzu  |c Igor Vajda ; Ján Cikker 
600 1 7 |a Cikker, Ján,  |d 1911-1989  |2 snkbucl  |9 119811 
655 7 |a články z novín a časopisov  |2 snkbucl  |9 267496 
773 0 |t Hudobný život  |g Roč. 19, č. 7 (1987), s. 3 
850 |a Slovenská národná knižnica 
852 |a Slovenská národná knižnica 
954 |a odborná, vedecká literatúra pôvodná (slovenská)  |2 lita 
958 |a article27 
958 |a OND 
958 |a RK 
958 |a EUIPO 
992 |a RBX 
999 |c 2761413  |d 2763343